• 首页
  • 本馆介绍
  • 公告通知
  • 最新文献
  • 馆藏检索
  • 电子资源
  • 读者导购
  • 参考咨询
  • 我的图书馆
  • 登录
  • 详细信息显示
  • 放入我的书架
  • 预约/预借图书
  • 作者相关作品
  • 分类相关作品
  • 丛书相关作品
  • 出版社相关作品

书目信息

  • 表格格式
  • 工作单格式
  • 卡片格式
题名:
自由主义之前的自由
    
 
作者: 昆廷·斯金纳 著 ;李宏图 译
分册:  
出版信息: 上海   上海三联书店  2003
页数: 156页
开本: 20cm
丛书名: 上海三联学术文库
单 册:
中图分类: D081
科图分类:
主题词: 政治理论--自由主义
电子资源:
ISBN: 7-5426-1812-1
000 00838oam2 2200253 45
001 002625531
005 20050531090213.5
010    @a7-5426-1812-1@dCNY15.00
100    @a20040413d2003 emky0chiy0110 ea
101 1  @achi@ceng
102    @aCN@b310000
105    @ay z 001yy
200 1  @a自由主义之前的自由@Azi you zhu yi zhi qian de zi you@f(英)昆廷·斯金纳著@F(Ying)Kun Ting·Si Jin Na Zhu@g李宏图译
210    @a上海@c上海三联书店@d2003
215    @a156页@d20cm
225 2  @a上海三联学术文库
330    @a该书分为“自由国家的新罗马法理论”、“自由国家和个人自由”以及“自由与历史学家”三部分内容。
410    @12001 @a上海三联学术文库
606 0  @a政治理论@x自由主义
690    @aD081@v4
701  0 @a昆廷·斯金纳@4著
702  0 @a李宏图@Ali hong tu@4译
801  0 @aCN@bNLC@c20040526
905    @f5@b354567-571@dD081@e12
    
    自由主义之前的自由/(英)昆廷·斯金纳著/李宏图译.-上海:上海三联书店,2003
    156页;20cm.-(上海三联学术文库)
    
    
    ISBN 7-5426-1812-1:CNY15.00
    该书分为“自由国家的新罗马法理论”、“自由国家和个人自由”以及“自由与历史学家”三部分内容。
●
相关链接 在E读中查询图书 在五车中查询图书 在当当中查询图书 在豆瓣中查询图书


正题名:自由主义之前的自由     索取号:D081/12         预约/预借

序号 登录号 条形码 馆藏地/架位号 状态 备注
1 0354567   3545676   第一样本阅览室/ [索取号:D081/12] 在馆    
2 0354568   3545685   第一借阅区/ [索取号:D081/12] 在馆    
3 0354569   3545694   第一借阅区/ [索取号:D081/12] 在馆    
4 0354570   3545701   第一借阅区/ [索取号:D081/12] 在馆    
5 0354571   3545710   第一借阅区/ [索取号:D081/12] 在馆    
唐山师范学院图书馆 欢迎您!
大连网信软件有限公司© 版权所有